| 000 | 00740aam a2200277 4500 | ||
|---|---|---|---|
| 005 | 20161117084926.0 | ||
| 008 | 150408b xxu||||| |||| 00| 0 spa d | ||
| 041 | _aspa | ||
| 082 | _a1.0.1 M971L | ||
| 100 |
_aMuñoz Machado, Andrés _932127 |
||
| 245 | _aLogística y turismo | ||
| 260 | _aEspaña | ||
| 260 | _bDíaz de Santos | ||
| 260 | _c2005 | ||
| 300 | _a168 páginas | ||
| 650 |
_aADMINISTRACION TURISTICA _96809 |
||
| 650 |
_aEMPRESAS TURISTICAS _91531 |
||
| 650 |
_aGESTION TURISTICA _93717 |
||
| 650 |
_aCOMPRAS _92715 |
||
| 650 |
_aALMACEN _932128 |
||
| 650 |
_aLOGISTICA EN TURISMO _932129 |
||
| 650 |
_aDISPOSICION FISICA _932130 |
||
| 650 |
_aESPACIO _97960 |
||
| 650 |
_aINFOCOMUNICACIONES _932131 |
||
| 942 | _cBK | ||
| 999 |
_c4301 _d4301 |
||